000 00689nam a2200217Ii 4500
003 JO-AjNU
008 230606s9999||||xx |||||||||||||| ||und||
020 _a81-7273-009-8
040 _aJO-AjNU
_beng
_erda
_cJO-AjNU
041 _aeng
050 1 4 _aLB1027.5.M32 2000
100 3 _aMadhukar,Indira,
_eauthor
_91316
245 0 0 _aGuidance and Counselling
250 _a1 ed
264 3 1 _aNew Delhi:Authorspress,2000
300 _a302P
336 _atext
_btxt
_2rdacontent
337 _aunmediated
_bn
_2rdamedia
338 _avolume
_bnc
_2rdacarrier
650 4 _aEducational counselling. Counselors-Professional relationships. Educational counselling-India. Student conselors
_91317
999 _aE692
_c692
_d692